| 000 | 00476nam a2200193Ia 4500 | ||
|---|---|---|---|
| 008 | 170918s9999 xx 000 0 und d | ||
| 020 | _a9780545235099 | ||
| 050 | _bP545 2009 | ||
| 100 | _aPhilbrick, Rodman | ||
| 245 | 4 | _aThe mostly true adventures of Homer P. Figg. | |
| 245 | _cby Rodman Philbrick. | ||
| 260 | _aNew York : | ||
| 260 | _bScholastic, | ||
| 260 | _c2009 | ||
| 300 | _a220 pages : | ||
| 300 | _billustrations ; | ||
| 300 | _c19cm. | ||
| 500 | _a950 | ||
| 999 |
_c343300 _d343300 |
||